| 000 | 00726nam a2200253Ia 4500 | ||
|---|---|---|---|
| 003 | OSt | ||
| 005 | 20220925232110.0 | ||
| 006 | a|||||r|||| 00| 0 | ||
| 007 | ta | ||
| 008 | 220923b |||||||| |||| 00| 0 eng d | ||
| 020 | _a0802819907 | ||
| 037 | _cGeneral Book | ||
| 040 |
_aRTL _cRTL _beng |
||
| 041 |
_2eng _aeng |
||
| 082 | _aY2, M5 | ||
| 100 |
_aAnderson Ray S _9296705 |
||
| 245 | 0 |
_aOn being family _b A social theology of the family |
|
| 260 |
_aMichigan _bWilliam B Eerdmans Pub. _c1985 |
||
| 300 |
_aviii, 168p _ccm. |
||
| 650 | _aFamily Sociology | ||
| 700 |
_a Guernsey Dennis B _9296706 |
||
| 942 |
_hY2, M5 _cGB _2CC |
||
| 999 |
_c590306 _d590306 |
||